[Event "Olimpiada de Khanty-Mansiysk 2010"]
[Site "Khanty-Mansiysk RUS"]
[Date "2010.09.28"]
[Round "7"]
[White "Almasi, Zoltan"]
[Black "Milos, Gilberto"]
[Result "1-0"]
[WhiteElo "2707"]
[BlackElo "2599"]
[PlyCount "105"]
[EventDate "2010.09.21"]
[EventType "team"]
[EventRounds "11"]
[EventCountry "RUS"]
[Source "lmi"]
[SourceDate "2010.09.21"]
[WhiteTeam "Hungría"]
[BlackTeam "Brasil"]
[WhiteTeamCountry "HUN"]
[BlackTeamCountry "BRA"]

1. e4 c5 2. Nf3 Nc6 3. d4 cxd4 4. Nxd4 Nf6 5. Nc3 d6 6. Bg5 e6 7. Qd2 a6 8.
O-O-O Bd7 9. f3 Be7 10. h4 h6 11. Be3 h5 12. Bg5 Nxd4 13. Qxd4 Qc7 14. Kb1 b5
15. Ne2 a5 16. Qd3 b4 17. Nd4 Rb8 18. Qc4 Qb7 19. Qa6 O-O 20. Qxb7 Rxb7 21. Ba6
Rb6 22. Bc4 Rc8 23. b3 Kf8 24. Ne2 Ne8 25. Be3 Rbb8 26. Bf4 Bb5 27. Bxb5 Rxb5
28. Rd2 Rb6 29. Rhd1 Bf6 30. g3 Ke7 31. Rd3 Rbc6 32. Rc1 g6 33. Bd2 Nc7 34. c4
d5 35. cxd5 Rxc1+ 36. Bxc1 exd5 37. exd5 Nb5 38. d6+ Nxd6 39. Rd5 Nb7 40. Rb5
Nc5 41. Nf4 Kd6 42. Rxa5 Bc3 43. Be3 Nd7 44. Nd5 Be1 45. Bf4+ Ke6 46. Nc7+ Ke7
47. Rd5 Bc3 48. Rd3 Nc5 49. Re3+ Ne6 50. Nd5+ Kd8 51. Nxc3 bxc3 52. Be5 c2+ 53.
Kc1 1-0

[Event "Olimpiada de Khanty-Mansiysk 2010"]
[Site "Khanty-Mansiysk RUS"]
[Date "2010.09.28"]
[Round "7"]
[White "Berkes, Ferenc"]
[Black "Mekhitarian, Krikor Sevag"]
[Result "1/2-1/2"]
[WhiteElo "2678"]
[BlackElo "2550"]
[PlyCount "73"]
[EventDate "2010.09.21"]
[EventType "team"]
[EventRounds "11"]
[EventCountry "RUS"]
[Source "lmi"]
[SourceDate "2010.09.21"]
[WhiteTeam "Hungría"]
[BlackTeam "Brasil"]
[WhiteTeamCountry "HUN"]
[BlackTeamCountry "BRA"]

1. c4 c5 2. Nc3 Nc6 3. g3 g6 4. Bg2 Bg7 5. d3 d6 6. Rb1 e5 7. a3 a5 8. Nf3 Nge7
9. O-O O-O 10. Ne1 Be6 11. Nc2 d5 12. cxd5 Nxd5 13. Ne3 Nde7 14. Bd2 Rb8 15.
Na4 b6 16. b4 cxb4 17. axb4 axb4 18. Bxb4 Nxb4 19. Rxb4 b5 20. Nc5 Qd6 21. Nxe6
Qxb4 22. Nxf8 Bxf8 23. Qa1 Qd6 24. Rb1 Bh6 25. Nc2 b4 26. Qa7 Bd2 27. Na3 Nc8
28. Nc4 Nxa7 29. Nxd6 Nb5 30. Ne4 Nc3 31. Nxc3 Bxc3 32. Bd5 Kf8 33. Kf1 Ke7 34.
e3 Rd8 35. Bc4 Ra8 36. Ke2 Ra1 37. Rxa1 1/2-1/2

[Event "Olimpiada de Khanty-Mansiysk 2010"]
[Site "Khanty-Mansiysk RUS"]
[Date "2010.09.28"]
[Round "7"]
[White "Pridorozhni, Aleksei"]
[Black "Toufighi, Homayoon"]
[Result "0-1"]
[WhiteElo "2556"]
[BlackElo "2499"]
[PlyCount "88"]
[EventDate "2010.09.21"]
[EventType "team"]
[EventRounds "11"]
[EventCountry "RUS"]
[Source "lmi"]
[SourceDate "2010.09.21"]
[WhiteTeam "RU3"]
[BlackTeam "Irán"]
[BlackTeamCountry "IRI"]

1. e4 e6 2. Qe2 Be7 3. Nf3 d5 4. d3 Nf6 5. Nbd2 b6 6. e5 Nfd7 7. g3 c5 8. Bg2
Nc6 9. O-O Bb7 10. Re1 g5 11. h3 h5 12. g4 hxg4 13. hxg4 Qc7 14. Nf1 O-O-O 15.
c3 Kb8 16. d4 cxd4 17. cxd4 f6 18. exf6 Nxf6 19. Bxg5 Nxg4 20. Rac1 Rdg8 21.
Bxe7 Qxe7 22. Qxe6 Qh7 23. Ng3 Rg6 24. Qf5 Qg7 25. Re6 Rxe6 26. Qxe6 Nxd4 27.
Qd6+ Ka8 28. Rd1 Nxf3+ 29. Bxf3 Nf6 30. Qe5 Qh6 31. Rd4 Qh2+ 32. Kf1 Ne4 33.
Bxe4 dxe4 34. Qf6 Ba6+ 35. Ke1 Qg1+ 36. Kd2 Rc8 37. Ne2 Qb1 38. Ke3 Qxb2 39.
Nf4 Bb7 40. Ne2 Qa3+ 41. Kd2 Qxa2+ 42. Ke3 Qb3+ 43. Kd2 Ba6 44. Ke1 Qb2 0-1

[Event "Olimpiada de Khanty-Mansiysk 2010"]
[Site "Khanty-Mansiysk RUS"]
[Date "2010.09.28"]
[Round "7"]
[White "Golizadeh, Asghar"]
[Black "Kabanov, Nikolai"]
[Result "1-0"]
[WhiteElo "2481"]
[BlackElo "2500"]
[PlyCount "113"]
[EventDate "2010.09.21"]
[EventType "team"]
[EventRounds "11"]
[EventCountry "RUS"]
[Source "lmi"]
[SourceDate "2010.09.21"]
[WhiteTeam "Irán"]
[BlackTeam "RU3"]
[WhiteTeamCountry "IRI"]

1. e4 e5 2. Nc3 Nc6 3. Bc4 Nf6 4. d3 Na5 5. Qf3 Nxc4 6. dxc4 d6 7. h3 Be7 8.
Nge2 O-O 9. O-O c6 10. Rd1 Qc7 11. b3 Ne8 12. g4 g6 13. Ng3 Ng7 14. Bh6 Rd8 15.
Kh2 Ne6 16. Nf5 Bg5 17. Bxg5 Nxg5 18. Qe3 Ne6 19. Ne2 Kh8 20. Nfg3 Qe7 21. Rd3
Nc5 22. Rd2 Be6 23. Rad1 f6 24. f4 Bf7 25. f5 g5 26. Kg2 Kg7 27. Ng1 b5 28.
cxb5 cxb5 29. Nf3 h6 30. h4 Rac8 31. hxg5 hxg5 32. Rf2 Kf8 33. Rh1 Bg8 34. Rh6
d5 35. exd5 Bxd5 36. Nh5 Rc6 37. Rh8+ Bg8 38. Nxg5 fxg5 39. f6 Qb7 40. f7 Rf6+
41. Kg3 Rxf7 42. Qxc5+ Qe7 43. Rxf7+ Kxf7 44. Qf2+ Ke6 45. Rh6+ Kd7 46. Qxa7+
Ke8 47. Nf6+ Kf8 48. Qb6 e4 49. Nxe4 Qe5+ 50. Kh3 Rc8 51. Rf6+ Ke7 52. Qa7+ Rc7
53. Qa3+ Kd7 54. Rd6+ Ke8 55. Qa8+ Kf7 56. Rf6+ Ke7 57. Qf8+ 1-0

[Event "Olimpiada de Khanty-Mansiysk 2010"]
[Site "Khanty-Mansiysk RUS"]
[Date "2010.09.28"]
[Round "7"]
[White "Zhou, Jianchao"]
[Black "Atabayev, Maksat"]
[Result "1-0"]
[WhiteElo "2660"]
[BlackElo "2318"]
[PlyCount "115"]
[EventDate "2010.09.21"]
[EventType "team"]
[EventRounds "11"]
[EventCountry "RUS"]
[Source "lmi"]
[SourceDate "2010.09.21"]
[WhiteTeam "China"]
[BlackTeam "Turkmenistán"]
[WhiteTeamCountry "CHN"]
[BlackTeamCountry "TKM"]

1. d4 Nf6 2. c4 g6 3. Nc3 Bg7 4. e4 d6 5. Nf3 O-O 6. Be2 e5 7. O-O Nc6 8. d5
Ne7 9. Ne1 Nd7 10. f3 f5 11. Bg5 h6 12. Be3 f4 13. Bf2 g5 14. Nb5 b6 15. b4 a6
16. Nc3 Ng6 17. Nd3 h5 18. c5 Nf6 19. cxb6 cxb6 20. Rc1 b5 21. a4 g4 22. fxg4
Nxg4 23. axb5 Qg5 24. Ne1 Nh4 25. Kh1 axb5 26. Nf3 Nxf3 27. gxf3 Nxf2+ 28. Rxf2
Bh3 29. Qg1 Qxg1+ 30. Kxg1 Rfc8 31. Bxb5 Rab8 32. Ba6 Rc7 33. b5 Bf6 34. Rfc2
Rg7+ 35. Kh1 Kf7 36. Rg1 Rxg1+ 37. Kxg1 Rg8+ 38. Kh1 Bf1 39. Rf2 Bc4 40. Bb7 h4
41. Rg2 Rb8 42. Bc6 h3 43. Rb2 Bd8 44. Na4 Bb6 45. Nxb6 Rxb6 46. Kg1 Ke7 47.
Kf2 Rb8 48. Rb4 Bd3 49. b6 Ba6 50. Ke1 Kd8 51. Kd2 Ke7 52. Rb1 Kf6 53. Bd7 Ke7
54. Bxh3 Rh8 55. b7 Bxb7 56. Rxb7+ Kf6 57. Bg4 Rxh2+ 58. Kd3 1-0

[Event "Olimpiada de Khanty-Mansiysk 2010"]
[Site "Khanty-Mansiysk RUS"]
[Date "2010.09.28"]
[Round "7"]
[White "Zhigalko, Sergei"]
[Black "Adams, Michael"]
[Result "1/2-1/2"]
[WhiteElo "2640"]
[BlackElo "2728"]
[PlyCount "29"]
[EventDate "2010.09.21"]
[EventType "team"]
[EventRounds "11"]
[EventCountry "RUS"]
[Source "lmi"]
[SourceDate "2010.09.21"]
[WhiteTeam "Bielorusia"]
[BlackTeam "Inglaterra"]
[WhiteTeamCountry "BLR"]
[BlackTeamCountry "ENG"]

1. e4 e5 2. Nf3 Nc6 3. Bb5 a6 4. Ba4 Nf6 5. O-O Be7 6. Re1 b5 7. Bb3 O-O 8. a4
b4 9. d3 d6 10. a5 Be6 11. Nbd2 Rb8 12. Bc4 Qc8 13. Nf1 h6 14. Ne3 Re8 15. Bd2
1/2-1/2

[Event "Olimpiada de Khanty-Mansiysk 2010"]
[Site "Khanty-Mansiysk RUS"]
[Date "2010.09.28"]
[Round "7"]
[White "Jones, Gawain C B"]
[Black "Stupak, Kirill"]
[Result "1/2-1/2"]
[WhiteElo "2576"]
[BlackElo "2502"]
[PlyCount "120"]
[EventDate "2010.09.21"]
[EventType "team"]
[EventRounds "11"]
[EventCountry "RUS"]
[Source "lmi"]
[SourceDate "2010.09.21"]
[WhiteTeam "Inglaterra"]
[BlackTeam "Bielorusia"]
[WhiteTeamCountry "ENG"]
[BlackTeamCountry "BLR"]

1. e4 e6 2. d3 c5 3. Nf3 Nc6 4. g3 g6 5. Bg5 Qc7 6. Bg2 Bg7 7. c3 Nge7 8. O-O
O-O 9. Na3 d5 10. Re1 h6 11. exd5 Nxd5 12. Bd2 b6 13. d4 cxd4 14. c4 Nde7 15.
Bf4 Qd8 16. Nb5 Bb7 17. Nfxd4 a6 18. Nxc6 Bxc6 19. Nc3 Bxg2 20. Kxg2 Qxd1 21.
Raxd1 Bxc3 22. bxc3 Rfc8 23. Rd7 Nf5 24. Rb1 Rc6 25. Rb7 Rxc4 26. R1xb6 g5 27.
Be5 Re4 28. Bf6 Kh7 29. f3 Re2+ 30. Kf1 Re3 31. Kf2 Kg6 32. Bd4 Rd3 33. Ke2
Rxd4 34. cxd4 Nxd4+ 35. Ke3 Nf5+ 36. Kf2 Rc8 37. Rb2 Nd4 38. R7b4 Nb5 39. Kg2
Rc1 40. Rd2 Nc7 41. Rb6 Rc5 42. Kh3 Ra5 43. Rd7 Nd5 44. Rbb7 f6 45. g4 f5 46.
gxf5+ Kxf5 47. Rb2 Ra3 48. Kg3 h5 49. Rdb7 h4+ 50. Kf2 Nf4 51. R7b3 Ra4 52. Rc2
Nd5 53. Ke1 Kf4 54. Re2 Kf5 55. Rc2 Kf4 56. Ke2 Ne7 57. Rbc3 Kf5 58. Rc4 Ra3
59. R4c3 Ra4 60. Rc4 Ke5 1/2-1/2

[Event "Olimpiada de Khanty-Mansiysk 2010"]
[Site "Khanty-Mansiysk RUS"]
[Date "2010.09.28"]
[Round "7"]
[White "Bruzon Batista, Lazaro"]
[Black "L'Ami, Erwin"]
[Result "1/2-1/2"]
[WhiteElo "2679"]
[BlackElo "2624"]
[PlyCount "96"]
[EventDate "2010.09.21"]
[EventType "team"]
[EventRounds "11"]
[EventCountry "RUS"]
[Source "lmi"]
[SourceDate "2010.09.21"]
[WhiteTeam "Cuba"]
[BlackTeam "Holanda"]
[WhiteTeamCountry "CUB"]
[BlackTeamCountry "NED"]

1. e4 e5 2. Nf3 Nc6 3. Bb5 a6 4. Ba4 Nf6 5. d3 d6 6. c3 Bd7 7. O-O g6 8. Nbd2
Bg7 9. Re1 O-O 10. Nf1 Kh8 11. h3 Qe8 12. Ne3 Ng8 13. Bc2 f5 14. exf5 gxf5 15.
Nd5 Rc8 16. d4 e4 17. Nf4 Nce7 18. Ng5 Ng6 19. Qh5 Nf6 20. Nxg6+ Qxg6 21. Qxg6
hxg6 22. Bb3 d5 23. Bf4 c6 24. Rad1 Nh7 25. h4 Nxg5 26. Bxg5 Bf6 27. Bxf6+ Rxf6
28. f4 Kg7 29. Kf2 Rff8 30. Ke3 Rh8 31. g3 Kf6 32. Rb1 Be6 33. Bd1 b6 34. b4
Rc7 35. Be2 Ra8 36. a4 a5 37. bxa5 Rxa5 38. Rxb6 Rxa4 39. Reb1 c5 40. R1b3
cxd4+ 41. cxd4 Ra2 42. Rb2 Rc3+ 43. Kf2 Rxb2 44. Rxb2 Ra3 45. Rb6 Ke7 46. Rb7+
Kf6 47. Rb6 Ke7 48. Rb7+ Kf6 1/2-1/2

[Event "Olimpiada de Khanty-Mansiysk 2010"]
[Site "Khanty-Mansiysk RUS"]
[Date "2010.09.28"]
[Round "7"]
[White "Giri, Anish"]
[Black "Quesada Perez, Yuniesky"]
[Result "1/2-1/2"]
[WhiteElo "2677"]
[BlackElo "2614"]
[PlyCount "192"]
[EventDate "2010.09.21"]
[EventType "team"]
[EventRounds "11"]
[EventCountry "RUS"]
[Source "lmi"]
[SourceDate "2010.09.21"]
[WhiteTeam "Holanda"]
[BlackTeam "Cuba"]
[WhiteTeamCountry "NED"]
[BlackTeamCountry "CUB"]

1. d4 Nf6 2. c4 e6 3. Nc3 Bb4 4. e3 O-O 5. Bd3 d5 6. Nf3 c5 7. O-O dxc4 8. Bxc4
Nbd7 9. a3 Ba5 10. Nb5 cxd4 11. Nbxd4 Bb6 12. Nb5 Qe7 13. b4 a6 14. Nbd4 Bc7
15. Qc2 Nb6 16. Bb3 e5 17. Nf5 Bxf5 18. Qxf5 e4 19. Nd4 Qe5 20. Qxe5 Bxe5 21.
Bb2 Rac8 22. Rac1 Rxc1 23. Rxc1 Rc8 24. Rxc8+ Nxc8 25. f4 exf3 26. gxf3 Ne7 27.
f4 Bc7 28. Kg2 Ne4 29. Ba2 Nd6 30. Kf3 Kf8 31. e4 Ke8 32. e5 Ndf5 33. Nxf5 Nxf5
34. Bd5 b6 35. Ke4 g6 36. Bc3 h6 37. Be1 Ne7 38. Bb7 a5 39. bxa5 bxa5 40. Bf2
Nf5 41. Ba6 Bd8 42. Bb5+ Kf8 43. Bd7 Be7 44. a4 Ng7 45. Be1 Bd8 46. Kd5 Ke7 47.
Bg4 f5 48. exf6+ Kxf6 49. Bh4+ g5 50. fxg5+ hxg5 51. Be1 Nf5 52. Bc3+ Kg6 53.
Bd2 Kf6 54. h3 Ng3 55. Be1 Nf1 56. Bc3+ Ke7 57. Bd4 Bc7 58. Be2 Ng3 59. Bg4 Nf1
60. Kc4 Bf4 61. Kd3 Bd6 62. Ke2 Ng3+ 63. Kf3 Nf1 64. Bf5 Ng3 65. Bc8 Bc7 66.
Bf2 Nh5 67. Kg4 Nf6+ 68. Kf5 Nd5 69. Bb7 Nf4 70. Kg4 Kf6 71. Be3 Ne6 72. Bc8
Bf4 73. Bb6 Bc7 74. Bf2 Bf4 75. Bd7 Ke7 76. Bb5 Bd2 77. Kf5 Nf4 78. Bc5+ Kf7
79. Bf1 Kg7 80. Bd4+ Kh6 81. Kg4 Nd5 82. Bd3 Be3 83. Bb2 Bd2 84. Be4 Bc3 85.
Bc1 Nf6+ 86. Kf5 Nxe4 87. Kxe4 Kh5 88. Kf5 Kh4 89. Bxg5+ Kxh3 90. Bd8 Be1 91.
Bc7 Bb4 92. Kf4 Kh4 93. Kf5 Kh5 94. Bf4 Be1 95. Be3 Bb4 96. Bb6 Be1 1/2-1/2

[Event "Olimpiada de Khanty-Mansiysk 2010"]
[Site "Khanty-Mansiysk RUS"]
[Date "2010.09.28"]
[Round "7"]
[White "Corrales Jimenez, Fidel"]
[Black "Stellwagen, Daniel"]
[Result "0-1"]
[WhiteElo "2599"]
[BlackElo "2635"]
[PlyCount "56"]
[EventDate "2010.09.21"]
[EventType "team"]
[EventRounds "11"]
[EventCountry "RUS"]
[Source "lmi"]
[SourceDate "2010.09.21"]
[WhiteTeam "Cuba"]
[BlackTeam "Holanda"]
[WhiteTeamCountry "CUB"]
[BlackTeamCountry "NED"]

1. e4 c6 2. d4 d5 3. Nc3 dxe4 4. Nxe4 Bf5 5. Ng3 Bg6 6. h4 h6 7. Nf3 Nd7 8. h5
Bh7 9. Bd3 Bxd3 10. Qxd3 e6 11. Bd2 Ngf6 12. O-O-O Be7 13. Ne4 Nxe4 14. Qxe4
Nf6 15. Qe2 Qd5 16. c4 Qe4 17. Qf1 O-O 18. Re1 Qh7 19. Qe2 Rad8 20. Bc3 Rfe8
21. Rh3 b5 22. Ne5 bxc4 23. Rf3 Nd5 24. Nxf7 Nxc3 25. bxc3 Rb8 26. Qe4 Ba3+ 27.
Kd2 Rb2+ 28. Ke3 Re2+ 0-1

[Event "Olimpiada de Khanty-Mansiysk 2010"]
[Site "Khanty-Mansiysk RUS"]
[Date "2010.09.28"]
[Round "7"]
[White "Navara, David"]
[Black "Sasikiran, Krishnan"]
[Result "0-1"]
[WhiteElo "2722"]
[BlackElo "2681"]
[PlyCount "78"]
[EventDate "2010.09.21"]
[EventType "team"]
[EventRounds "11"]
[EventCountry "RUS"]
[Source "lmi"]
[SourceDate "2010.09.21"]
[WhiteTeam "Chequia"]
[BlackTeam "India"]
[WhiteTeamCountry "CZE"]
[BlackTeamCountry "IND"]

1. e4 c5 2. Nc3 d6 3. f4 e6 4. Nf3 Nf6 5. d4 cxd4 6. Nxd4 a6 7. Be2 Qc7 8. O-O
Be7 9. a4 Nc6 10. Be3 O-O 11. Kh1 Re8 12. Bf3 Bf8 13. Qd2 Bd7 14. Qf2 Rab8 15.
a5 Nxa5 16. Nxe6 Rxe6 17. Bb6 Qc8 18. Rxa5 Bc6 19. Qd4 Qe8 20. Re1 g6 21. Raa1
Nd7 22. Ba7 Ra8 23. Qf2 Bg7 24. Bd4 Bxd4 25. Qxd4 Nf6 26. Re2 Qe7 27. Rae1 Re8
28. h3 Qd8 29. Nd1 h5 30. Nf2 Qc7 31. g4 hxg4 32. hxg4 g5 33. f5 Re5 34. Nd3
Bb5 35. Qe3 Nh7 36. Rh2 Rxe4 37. Bxe4 Rxe4 38. Qh3 Bxd3 39. Qxh7+ Kf8 0-1

[Event "Olimpiada de Khanty-Mansiysk 2010"]
[Site "Khanty-Mansiysk RUS"]
[Date "2010.09.28"]
[Round "7"]
[White "Harikrishna, Pentala"]
[Black "Laznicka, Viktor"]
[Result "1/2-1/2"]
[WhiteElo "2645"]
[BlackElo "2690"]
[PlyCount "96"]
[EventDate "2010.09.21"]
[EventType "team"]
[EventRounds "11"]
[EventCountry "RUS"]
[Source "lmi"]
[SourceDate "2010.09.21"]
[WhiteTeam "India"]
[BlackTeam "Chequia"]
[WhiteTeamCountry "IND"]
[BlackTeamCountry "CZE"]

1. d4 d5 2. c4 c6 3. Nf3 Nf6 4. Nc3 a6 5. e3 b5 6. b3 Bg4 7. Be2 Nbd7 8. h3 Bh5
9. g4 Bg6 10. Ne5 Nxe5 11. dxe5 Ne4 12. Nxe4 Bxe4 13. f3 Bg6 14. cxd5 cxd5 15.
a4 b4 16. Bb2 e6 17. Qd4 Bc2 18. Bd1 Rc8 19. Rc1 Bc5 20. Qd2 Bxd1 21. Kxd1 O-O
22. Qd3 Qb6 23. Ke2 Rc6 24. Rc2 Rfc8 25. Rhc1 g6 26. f4 Be7 27. Bd4 Qb7 28. Kd1
Kf8 29. Rxc6 Rxc6 30. Rxc6 Qxc6 31. Ba7 Ke8 32. Qd4 Kf8 33. Kd2 Ke8 34. Bb6 Qc8
35. Qd3 Qb7 36. a5 Qc8 37. f5 Qc3+ 38. Qxc3 bxc3+ 39. Kxc3 Kd7 40. f6 Bf8 41.
b4 Kc6 42. Bd8 Kb5 43. Be7 Bh6 44. Kd3 Bg5 45. Ke2 Bh4 46. Bd6 Kc4 47. Kf1 Bg3
48. Ke2 Bh4 1/2-1/2

[Event "Olimpiada de Khanty-Mansiysk 2010"]
[Site "Khanty-Mansiysk RUS"]
[Date "2010.09.28"]
[Round "7"]
[White "Hracek, Zbynek"]
[Black "Ganguly, Surya Shekhar"]
[Result "1-0"]
[WhiteElo "2633"]
[BlackElo "2650"]
[PlyCount "185"]
[EventDate "2010.09.21"]
[EventType "team"]
[EventRounds "11"]
[EventCountry "RUS"]
[Source "lmi"]
[SourceDate "2010.09.21"]
[WhiteTeam "Chequia"]
[BlackTeam "India"]
[WhiteTeamCountry "CZE"]
[BlackTeamCountry "IND"]

1. e4 e6 2. d4 d5 3. Nc3 Bb4 4. e5 c5 5. a3 Bxc3+ 6. bxc3 Ne7 7. Nf3 Qa5 8. Bd2
Nbc6 9. Be2 Bd7 10. O-O Qc7 11. Re1 h6 12. a4 c4 13. Qc1 O-O-O 14. Bf1 Kb8 15.
g3 Nc8 16. h4 Ka8 17. h5 Qa5 18. Qa3 Nb8 19. Qb4 Qc7 20. Reb1 Bc6 21. a5 a6 22.
Nh4 Rdg8 23. Bh3 Qd7 24. Ng2 Na7 25. Nf4 Nb5 26. Rf1 Qe8 27. Bg4 Bd7 28. Qc5
Bc6 29. Qb4 Nd7 30. Rfe1 Nf8 31. Kg2 Nh7 32. Re3 Ng5 33. Rh1 Ne4 34. Be1 Bd7
35. f3 Ng5 36. Bd2 Qc8 37. Kf2 Re8 38. Ree1 Rhg8 39. Re2 Qc7 40. Ra1 Bc6 41.
Be1 Bd7 42. Kg2 Bc6 43. Bf2 Nh7 44. Bg1 Ng5 45. Bh2 Bd7 46. Bg1 Bc6 47. Be3 Bd7
48. Rae1 Nh7 49. Bg1 Nf8 50. Bh2 Bc6 51. Kf2 Nd7 52. Re3 Nb8 53. Ra1 Bd7 54.
Qb2 Nc6 55. Qa2 Qc8 56. Ke1 f6 57. Ne2 fxe5 58. dxe5 Qc7 59. f4 d4 60. Nxd4
Nbxd4 61. cxd4 Nxd4 62. Rd1 Nf5 63. Bxf5 exf5 64. Bg1 g5 65. hxg6 Rxg6 66. c3
Bb5 67. Rf3 Rd6 68. Rxd6 Qxd6 69. Qf2 Kb8 70. Qa7+ Kc8 71. Qa8+ Qb8 72. Qxb8+
Kxb8 73. Bb6 Bc6 74. Rf2 Be4 75. Rh2 Re6 76. Kf2 Rg6 77. Ke3 Kc8 78. Kd4 Bd3
79. Kd5 Kd7 80. Bc5 Bf1 81. Bd4 Rc6 82. Rb2 Ke8 83. e6 Bd3 84. Ke5 b5 85. Rh2
b4 86. cxb4 c3 87. Rxh6 c2 88. Be3 Bc4 89. Kxf5 Ke7 90. Ke5 Bxe6 91. f5 Bd7 92.
Rxc6 Bxc6 93. g4 1-0

[Event "Olimpiada de Khanty-Mansiysk 2010"]
[Site "Khanty-Mansiysk RUS"]
[Date "2010.09.28"]
[Round "7"]
[White "Gopal Narayanan, Geetha"]
[Black "Babula, Vlastimil"]
[Result "1/2-1/2"]
[WhiteElo "2603"]
[BlackElo "2515"]
[PlyCount "38"]
[EventDate "2010.09.21"]
[EventType "team"]
[EventRounds "11"]
[EventCountry "RUS"]
[Source "lmi"]
[SourceDate "2010.09.21"]
[WhiteTeam "India"]
[BlackTeam "Chequia"]
[WhiteTeamCountry "IND"]
[BlackTeamCountry "CZE"]

1. e4 e5 2. Nf3 Nc6 3. Bb5 Nf6 4. O-O Nxe4 5. d4 Nd6 6. Bxc6 dxc6 7. dxe5 Nf5
8. Qxd8+ Kxd8 9. Nc3 Be6 10. h3 Bb4 11. Ne2 Bd5 12. Ned4 Nxd4 13. Nxd4 Re8 14.
Bf4 Ke7 15. Rfd1 Kf8 16. a3 Bc5 17. Rd2 a5 18. Rad1 a4 19. Nf5 Bc4 1/2-1/2

[Event "Olimpiada de Khanty-Mansiysk 2010"]
[Site "Khanty-Mansiysk RUS"]
[Date "2010.09.28"]
[Round "7"]
[White "Buhmann, Rainer"]
[Black "Le, Quang Liem"]
[Result "1/2-1/2"]
[WhiteElo "2563"]
[BlackElo "2694"]
[PlyCount "68"]
[EventDate "2010.09.21"]
[EventType "team"]
[EventRounds "11"]
[EventCountry "RUS"]
[Source "lmi"]
[SourceDate "2010.09.21"]
[WhiteTeam "Alemania"]
[BlackTeam "Vietnam"]
[WhiteTeamCountry "GER"]
[BlackTeamCountry "VIE"]

1. Nf3 g6 2. c4 Bg7 3. d4 Nf6 4. Nc3 d5 5. Qb3 dxc4 6. Qxc4 O-O 7. e4 a6 8. Be2
b5 9. Qb3 c5 10. dxc5 Be6 11. Qc2 Nbd7 12. c6 Nb8 13. Ng5 Nxc6 14. Nxe6 fxe6
15. Be3 Nd4 16. Qd1 Nxe2 17. Qxe2 b4 18. Na4 Qa5 19. Nc5 b3+ 20. Qd2 Qxd2+ 21.
Kxd2 Rac8 22. f3 Rfd8+ 23. Ke1 Nd7 24. Nxb3 Bxb2 25. Rd1 Rc2 26. Kf1 Kf7 27.
Rd2 Rxd2 28. Bxd2 Rc8 29. Ke2 Ba3 30. Na1 Rb8 31. Nb3 Nc5 32. Nxc5 Bxc5 33. Bc3
Bd6 34. h3 Rc8 1/2-1/2

[Event "Olimpiada de Khanty-Mansiysk 2010"]
[Site "Khanty-Mansiysk RUS"]
[Date "2010.09.28"]
[Round "7"]
[White "Kraemer, Martin"]
[Black "Nguyen, Anh Dung"]
[Result "1/2-1/2"]
[WhiteElo "2516"]
[BlackElo "2500"]
[PlyCount "91"]
[EventDate "2010.09.21"]
[EventType "team"]
[EventRounds "11"]
[EventCountry "RUS"]
[Source "lmi"]
[SourceDate "2010.09.21"]
[WhiteTeam "Alemania"]
[BlackTeam "Vietnam"]
[WhiteTeamCountry "GER"]
[BlackTeamCountry "VIE"]

1. d4 Nf6 2. c4 e6 3. g3 d5 4. Bg2 dxc4 5. Nf3 c5 6. O-O Nc6 7. Qa4 Bd7 8. Qxc4
b5 9. Qd3 Rc8 10. dxc5 Bxc5 11. Nc3 Nb4 12. Qd1 O-O 13. a3 Nbd5 14. Nxd5 Nxd5
15. Ne5 Be8 16. Bxd5 exd5 17. Bd2 f6 18. Nd3 Bb6 19. Bb4 Rf7 20. Rc1 Rfc7 21.
Qd2 Bg6 22. Rxc7 Rxc7 23. Rd1 Be4 24. Ba5 Bxa5 25. Qxa5 Bxd3 26. exd3 Qd7 27.
Qb4 Kf7 28. Re1 h5 29. Qd4 Kg6 30. Kg2 Rc2 31. h3 a6 32. b4 Rc8 33. Re3 Rc6 34.
g4 hxg4 35. Rg3 Kf7 36. hxg4 Re6 37. g5 fxg5 38. Rxg5 Rg6 39. Qf4+ Rf6 40. Qg3
Kg8 41. Qe5 Qf7 42. Qg3 Rf5 43. Qb8+ Kh7 44. Qh2+ Kg8 45. Qb8+ Kh7 46. Qh2+
1/2-1/2

[Event "Olimpiada de Khanty-Mansiysk 2010"]
[Site "Khanty-Mansiysk RUS"]
[Date "2010.09.28"]
[Round "7"]
[White "Nguyen, Duc Hoa"]
[Black "Huschenbeth, Niclas"]
[Result "0-1"]
[WhiteElo "2385"]
[BlackElo "2461"]
[PlyCount "112"]
[EventDate "2010.09.21"]
[EventType "team"]
[EventRounds "11"]
[EventCountry "RUS"]
[Source "lmi"]
[SourceDate "2010.09.21"]
[WhiteTeam "Vietnam"]
[BlackTeam "Alemania"]
[WhiteTeamCountry "VIE"]
[BlackTeamCountry "GER"]

1. d4 d5 2. c4 dxc4 3. Nf3 c5 4. e3 cxd4 5. exd4 Be6 6. Nc3 Nf6 7. Ne5 Nc6 8.
Nxc6 bxc6 9. Qa4 Rc8 10. Be2 Qd7 11. O-O Bd5 12. Bg5 e6 13. b3 Ne4 14. Nxe4
Bxe4 15. bxc4 Bd6 16. Rfe1 Bb8 17. Rad1 O-O 18. Bg4 f5 19. Bh3 Qc7 20. g3 Qf7
21. Bc1 c5 22. Ba3 Qh5 23. Rxe4 fxe4 24. Bxe6+ Kh8 25. Bxc8 Qf3 26. Bh3 Qxf2+
27. Kh1 e3 28. Rg1 e2 29. Qa5 Re8 30. Qe1 Qxd4 31. Bg2 Bc7 32. Bd5 h6 33. Rg2
Qd1 34. Rg1 Qxe1 35. Rxe1 Ba5 36. Rxe2 Rxe2 37. Bxc5 Bb6 38. Bd6 Rxa2 39. c5
Ra1+ 40. Kg2 Bxc5 41. Bxc5 Ra5 42. Bxa7 Rxd5 43. Bb8 h5 44. g4 h4 45. Kh3 g5
46. Bc7 Kg7 47. Kg2 Rd3 48. Be5+ Kf7 49. Bb8 Ke6 50. Bc7 Rd4 51. Kh3 Rd2 52.
Ba5 Rd3+ 53. Kg2 Ke5 54. Bc7+ Ke4 55. Bb8 Rd7 56. Kh3 Kd5 0-1

[Event "Olimpiada de Khanty-Mansiysk 2010"]
[Site "Khanty-Mansiysk RUS"]
[Date "2010.09.28"]
[Round "7"]
[White "Sutovsky, Emil"]
[Black "Filippov, Anton"]
[Result "1-0"]
[WhiteElo "2665"]
[BlackElo "2609"]
[PlyCount "81"]
[EventDate "2010.09.21"]
[EventType "team"]
[EventRounds "11"]
[EventCountry "RUS"]
[Source "lmi"]
[SourceDate "2010.09.21"]
[WhiteTeam "Israel"]
[BlackTeam "Uzbekistán"]
[WhiteTeamCountry "ISR"]
[BlackTeamCountry "UZB"]

1. e4 e5 2. Nf3 Nc6 3. Bb5 a6 4. Ba4 Nf6 5. O-O Be7 6. Re1 b5 7. Bb3 d6 8. c3
O-O 9. h3 Nb8 10. d4 Nbd7 11. Nbd2 Bb7 12. Bc2 Re8 13. a4 Bf8 14. Bd3 c6 15. b4
Nb6 16. a5 Nbd7 17. Bb2 g6 18. c4 exd4 19. Bxd4 Ne5 20. Bb6 Qd7 21. Qc2 Nxd3
22. Qxd3 c5 23. Rab1 Bc6 24. bxc5 dxc5 25. Qc2 Qb7 26. cxb5 axb5 27. Bxc5 Nxe4
28. Bxf8 Nxd2 29. Qxd2 Rxf8 30. Nh4 Qd7 31. Qc3 Rfd8 32. Re3 Rac8 33. Qa3 Qd6
34. Nf3 Qd5 35. Rbe1 Rb8 36. Re5 Qd7 37. Re7 Qf5 38. Ne5 b4 39. Qb2 Bd5 40. Ng4
Qg5 41. Nf6+ 1-0

[Event "Olimpiada de Khanty-Mansiysk 2010"]
[Site "Khanty-Mansiysk RUS"]
[Date "2010.09.28"]
[Round "7"]
[White "Felgaer, Ruben"]
[Black "Agrest, Evgenij"]
[Result "0-1"]
[WhiteElo "2597"]
[BlackElo "2585"]
[PlyCount "60"]
[EventDate "2010.09.21"]
[EventType "team"]
[EventRounds "11"]
[EventCountry "RUS"]
[Source "lmi"]
[SourceDate "2010.09.21"]
[WhiteTeam "Argentina"]
[BlackTeam "Suecia"]
[WhiteTeamCountry "ARG"]
[BlackTeamCountry "SWE"]

1. e4 c6 2. d4 d5 3. Nd2 dxe4 4. Nxe4 Bf5 5. Nc5 e5 6. Nxb7 Qb6 7. Nc5 exd4 8.
Nb3 Bb4+ 9. Bd2 Nf6 10. Bd3 Bxd3 11. cxd3 O-O 12. Ne2 c5 13. O-O Bxd2 14. Qxd2
a5 15. Rfc1 Nbd7 16. Qc2 Rfe8 17. Ng3 Rab8 18. Nf1 a4 19. Nxc5 Nxc5 20. Qxc5
Qxc5 21. Rxc5 Rxb2 22. Rc4 h5 23. Rxd4 Ree2 24. Rxa4 Rxf2 25. g3 Ng4 26. Rf4
Rg2+ 27. Kh1 Rge2 28. Rf3 Nf2+ 29. Kg1 Nh3+ 30. Kh1 Rg2 0-1